Loading...

Sivanandalahari of Sankaracarya/

Bibliografiske detaljer
Hovedforfatter: Subramanian V K
Format: Printed Book
Udgivet: New Delhi: Abhinav publication, 2006.
Fag:
LEADER 00752nam a22002057a 4500
020 |a 9788170174530 
082 |a S 294.5432  |b SAN/S 
100 |a Subramanian V K 
245 |a Sivanandalahari of Sankaracarya/  |c by Subramanian V K 
260 |a New Delhi:  |b Abhinav publication,  |c 2006. 
300 |a 237p. 
650 |a Devotional Literature 
650 |a Hinduism 
650 |a Yoga 
650 |a Meditation 
650 |a Religion 
942 |c BK 
999 |c 57454  |d 57454 
952 |0 0  |1 0  |4 0  |6 S_294_543200000000000_SAN_S  |7 0  |9 80635  |a SSUS  |b SSUS  |d 2015-11-28  |o S 294.5432 SAN/S  |p 077806  |r 2015-11-28  |w 2015-11-28  |y BK 
952 |0 0  |1 0  |4 0  |6 S_294_543200000000000_SAN_S  |7 0  |9 80636  |a SSUS  |b SSUS  |c STACKS  |d 2015-11-28  |g 350.00  |o S 294.5432 SAN/S  |p 077807  |r 2015-11-28  |w 2015-11-28  |y BK